| 000 | 00635pam a2200229 a 4500 | ||
|---|---|---|---|
| 001 | 2031037 | ||
| 005 | 20231201005609.0 | ||
| 008 | 920311s1992 nyu b 001 0 eng | ||
| 020 | _a0415906512 | ||
| 020 | _a0415906520 (pbk.) | ||
| 040 |
_aDLC _cDLC _dDLC |
||
| 082 | 0 | 0 |
_a305.42 _220 _bSHE. |
| 100 | 1 | _aRowbotham, Sheila. | |
| 245 | 1 | 0 |
_aWomen in movement : _bfeminism and social action / _cby Sheila Rowbotham. |
| 260 |
_aNew York, N.Y. : _bRoutledge, _c1992 |
||
| 300 | _axx, 370 p. ; | ||
| 650 | 0 | _aFeminism | |
| 650 | 0 | _aWomen radicals | |
| 650 | 0 | _aWomen political activists | |
| 650 | 0 | _aWomen social reformers | |
| 942 | _cL | ||
| 999 |
_c112 _d112 |
||